000 23712nas1a22018491i 4500
001 RU\NLR\INFOCOMM18\1000026543
005 20240726110423.0
035 _a(NLR Aleph) 002277150
090 _a4007323
_c4007323
100 _a20031111c1962 |||y0rusy50 ca
101 0 _arus
102 _aRU
110 _azyu||||0|y0
200 1 _aАвиационная промышленность
_iПриложение
_fНИАТ
210 _aМ.
_cОборонгиз
_d1962-
333 _aДля служебного пользования
801 1 _aRU
_bInfoComm
_c20031111
801 0 _aRU
_bNLR
_gPSBO
852 _aNLR
_jП11/2287
942 _cSE
980 _aRUSPER